Statystyki dla Liczby od 1-10 w różnych językach! #4 Francuski

Kliknij tutaj aby rozwiązać quiz!

Ogólne statystyki

  • Ten quiz został rozwiązany 27 razy
  • Średni wynik to 7 z 10

Statystyki odpowiedzi

#Liczba% Poprawnych
1Un
94%
2Deux
88%
7Sept
82%
3Trois
82%
9Neuf
76%
5Cinq
71%
8Huit
71%
6Six
71%
4Quatre
65%
10Dux
6%

Rozkład punktacji

Percentyl według liczby udzielonych odpowiedzi

Procent ludzi z każdym wynikiem

Twoja historia wyników

Nie rozwiązałeś tego quizu